000 00679nam a2200205 u 4500
005 20250924063933.0
008 090323s2005 mx r 000 0 spa d
020 _a9561310341
035 _aUPN01000170044
049 _aI
050 4 _aPZ78
_bB3.6
100 1 _aBalcells, Jacqueline,
_d1944-
_931758
245 1 0 _aQuerido fantasma :
_b(once casos para resolver) /
_cJacqueline Balcells, Ana María Güiraldes.
260 _aMéxico :
_bAndres Bello,
_cc2005
300 _a114 p. :
_bil.
650 4 _aFantasmas
_vLiteratura infantil
_911355
650 4 _aDETECTIVES -
_vLITERATURA JUVENIL
_910860
700 1 _aGüiraldes, Ana María,
_d1946-
_ecoaut.
_931800
905 _aInfantil
999 _c142150
_d142150